00963nam a2200253Ia 4500001001100000003000800011006001900019007001500038008004100053040002100094035002100115050002300136100003000159245008500189260004400274300000900318533015200327650002000479650002400499655002900523710001700552856012500569999001500694ebr5000794CaPaEBRm u cr cn|||||||||990409s2001 vau s 000 0 eng d aCaPaEBRcCaPaEBR a(OCoLC)68063291414aPR3568b.T6 2001eb1 aMilton, John,d1608-1674.10aTo the Lord Generall Cromwell May 1652h[electronic resource] /cby John Milton. aBlacksburg, VA :bVirginia Tech,c2001. a1 p. aElectronic reproduction.bPalo Alto, Calif. :cebrary,d2010.nAvailable via World Wide Web.nAccess may be limited to ebrary affiliated libraries. 0aEnglish poetry. 0aEnglish literature. 7aElectronic books.2local2 aebrary, Inc.40uhttp://site.ebrary.com/lib/rucke/Doc?id=5000794zAn electronic book accessible through the World Wide Web; click to view c2984d2984